000 00354nam a2200157Ia 4500
005 20250423100249.0
008 250422s9999 xx 000 0 und d
020 _a9789780878795
100 _aChukwuma, I.
245 0 _aMotions without movement
260 _aAbuja
260 _bCleen foundation
260 _c2008
300 _a172 p
942 _cBK
999 _c32778
_d32778